000 00373nam a2200145Ia 4500
008 240624s9999 xx 000 0 und d
041 _aeng
082 _a338.791 TAI
100 _aTAING VINEET
245 _aENCYCLOPAEDIA OF TOURISM PLANNING AND HO
260 _c2014
_aBengaluru
_bCentrum Press
300 _axvi, : 296 : p. : cm. ; 23
365 _cRS
_b25
440 _v1
999 _c22457
_d22457